| 000 | 01691nam a2200433 i 4500 | ||
|---|---|---|---|
| 001 | 15734 | ||
| 003 | KOSZ 005 | ||
| 005 | 20200818135505.0 | ||
| 008 | 200818s1973 pl a f 000 0 pol d | ||
| 040 |
_aKOSZ 005 _cKOSZ 005/RW |
||
| 041 | 0 |
_apol _beng |
|
| 046 | _k1973 | ||
| 080 | _a531/534 | ||
| 245 | 0 | 0 |
_aZagadnienia z mechaniki ośrodków ciągłych / _b[redakcja Edmund Karaśkiewicz]. |
| 260 |
_aWarszawa : _bPaństwowe Wydawnictwo Naukowe, _c1973. |
||
| 300 |
_a68, [1] stron : _bilustracje ; _c24 cm. |
||
| 336 |
_aTekst _btxt _2rdacontent |
||
| 337 |
_aBez urządzenia pośredniczącego _bn _2rdamedia |
||
| 338 |
_aWolumin _bnc _2rdacarrier |
||
| 380 | _aKsiążki | ||
| 380 | _aPublikacje naukowe | ||
| 388 | 1 | _a1901-2000 | |
| 388 | 1 | _a1945-1989 | |
| 490 |
_aPrace Komisji Nauk Podstawowych Stosowanych / Poznańskie Towarzystwo Przyjaciół Nauk. Wydział Nauk Technicznych, _x0079-4694 ; _vT. 2 z. 9 |
||
| 504 | _aBibliografia przy pracach. | ||
| 546 | _aStreszczenia w języku angielskim. | ||
| 650 | 7 | _aMechanika ośrodków ciągłych | |
| 650 | 7 | _aSprzęgła | |
| 650 | 7 | _aDrgania | |
| 650 | 7 | _aPomiary | |
| 655 | 7 | _aPraca zbiorowa | |
| 658 | _aInżynieria i technika | ||
| 658 | _aFizyka i astronomia | ||
| 700 | 1 |
_aKaraśkiewicz, Edmund _d(1899-1973) _eRedakcja |
|
| 710 | 2 |
_aPaństwowe Wydawnictwo Naukowe _4pbl |
|
| 830 | 0 |
_aPrace Komisji Nauk Podstawowych Stosowanych - Poznańskie Towarzystwo Przyjaciół Nauk. Wydział Nauk Technicznych _vT. 2 z. 9 |
|
| 856 |
_uhttp://koha.tu.koszalin.pl/cgi-bin/koha/opac-detail.pl?biblionumber=15734 _yKatalog online BPK |
||
| 942 |
_2UKD _cKS |
||
| 999 |
_c15734 _d15734 |
||